Missing Word: Video Games (A-Z) Quiz Stats

 Plays Quiz Updated Nov 21, 2019

Score 0/26 Timer 03:00
1 Play Today
Video Game Missing Word % Correct
Mario & _____: Partners in TimeLuigi
96%
Donkey _____ CountryKong
95.3%
Guitar _____Hero
95.1%
Grand _____ AutoTheft
94.7%
_____ for Speed: Most WantedNeed
93.9%
Call of Duty: _____ OpsBlack
93.4%
_____ of WarcraftWorld
90.8%
Legend of _____: Majora's MaskZelda
89.3%
_____ CreedAssassin's
89.1%
Final _____ XIIFantasy
87.3%
_____ Bandicoot: WarpedCrash
86.1%
Red _____ RedemptionDead
84.3%
Metal _____ SolidGear
83.4%
Video Game Missing Word % Correct
Super _____ Bros. MeleeSmash
80.4%
_____ Band 3Rock
76.7%
The _____ TrailOregon
73.2%
The _____ Scrolls V: SkyrimElder
73.2%
Space _____Invaders
70.9%
Puzzle _____Quest
65.9%
Luigi's _____Mansion
64.1%
The Last of _____Us
60.8%
Little Big _____Planet
50.1%
_____ IslandYoshi's
45.4%
_____ PiƱataViva
43%
_____ and DaxterJak
38.1%
_______ ChroniclesXenoblade
25.1%

Today's Daily Dose

You're not logged in!

Compare scores with friends on all Sporcle quizzes.
OR
Log In

Sporcle TV

Today on Sporcle TV


Watch our educational content, quiz creation guides, and fun videos on Sporcle TV.

Show Comments

Extras

Top Quizzes Today


Score Distribution

Your Account Isn't Verified!

In order to create a playlist on Sporcle, you need to verify the email address you used during registration. Go to your Sporcle Settings to finish the process.

Report this User

Report this user for behavior that violates our Community Guidelines.

Details: